000 00650nam a22002417a 4500
001 23306
003 UA-OsUOA
005 20230717105243.0
007 ta
008 20040117b un ||||| |||| 00| 0 ukr d
020 _a0-91517-19-Х
040 _aUA-OsUOA
_bukr
_cUA-OsUOA
_dUA-OsUOA
041 _aukr
044 _aCA
080 _a242
090 _a242
_bВ52
245 _aВіра і культура
260 _aВінніпег
_bВид-ня педагогічного персоналу й співробітників Колегії Св. Андрія
_c1996
300 _a208 с.
650 7 _2UDC
942 _cBK
_2udc
955 _a0
999 _c309551
_d309551